[Event "Cidade do Salvador op"]
[Site "Cidade do Salvador"]
[Date "2009.04.10"]
[Round "2"]
[White "Reis, Paulo F Jatoba"]
[Black "Dos Santos, Ferreira Pedro"]
[Result "1-0"]
[WhiteElo "2309"]
[BlackElo "2045"]
[PlyCount "71"]
[EventDate "2009.04.09"]
[EventType "swiss"]
[EventRounds "7"]
[EventCountry "BRA"]
[SourceTitle "EXT 2012"]
[Source "ChessBase"]
[SourceDate "2011.11.24"]
[SourceVersion "1"]
[SourceVersionDate "2011.11.24"]
[SourceQuality "1"]

1. Nf3 Nf6 2. c4 c5 3. g3 g6 4. Bg2 Bg7 5. Nc3 0-0 6. d4 cxd4 7. Nxd4 Nc6 8. 0-0 Nxd4 9. Qxd4 d6 10. Qd3 Rb8 11. Bg5 Be6 12. Rac1 a6 13. b3 Qa5 14. Qd2 Qc7 15. Rfd1 Rfd8 16. h3 Qd7 17. Kh2 b5 18. Nd5 bxc4 19. bxc4 Bxd5 20. cxd5 Qa4 21. Qc2 Qd7 22. Qc6 Qf5 23. Be3 Ra8 24. Qb7 Nd7 25. Ba7 Bf6 26. Bf3 Ne5 27. Bg2 Nd7 28. Kg1 Qe5 29. Bf3 Qb2 30. Rc7 Qxb7 31. Rxb7 Ne5 32. Be4 Rdc8 33. Rd2 Nc4 34. Rc2 Na5 35. Rbc7 Rxc7 36. Rxc7 1-0